Interpreten nach Lieder #18 - R - Statistiken

Allgemein
  • Dieses Quiz wurde 123 mal gespielt
  • Das Durchschnittsergebnis liegt bei 11 aus 30
Antwortstatistiken
Lieder Interpret % Korrekt
Umbrella, S&M, Diamonds Rihanna
93%
Ich lass für dich das Licht an, Halt dich an mir fest, Helden Revolverheld
83%
Losing My Religion, Man On The Moon, Shiny Happy People R.E.M.
76%
Santa Maria, Mein Geheimnis, Warum hast Du nicht nein gesagt Roland Kaiser
65%
Californication, Can't Stop, Scar Tissue Red Hot Chili Peppers
62%
Junimond, König von Deutschland, Menschenfresser Rio Reiser
61%
Never Gonna Give You Up, Together Forever, Cry for Help Rick Astley
56%
Creep, No Surprises, Karma Police Radiohead
55%
Seemann, Waidmanns Heil, Engel Rammstein
53%
Liebe Grüsse, Blaues Licht, Ohne mein Team RAF Camora
51%
Love My Life, Go Gentle, Angels Robbie Williams
50%
Living In A Ghost Town, Paint it Black, Ruby Tuesday The Rolling Stones
50%
Du da im Radio; Wie schön, dass du geboren bist; Die Büchermaus Rolf Zuckowski
40%
The Look, How Do You Do!, Sleeping In My Car Roxette
32%
Human, Skin, What Do You Believe In? Rag'n'Bone Man
31%
Killing In The Name, Bombtrack, Bulls On Parade Rage Against The Machine
27%
You're My Mate, I'm Too Sexy, Deeply Dippy Right Said Fred
27%
Hero Of War, People Live Here, Satellite Rise Against
27%
Sugar, Only Way Is Up, One by One Robin Schulz
24%
Young Turks, Maggie May, Sailing Rod Stewart
23%
Anywhere, Let You Love Me, Your Song Rita Ora
19%
Bella Napoli, Velocità, MS Abbrunzatissima Roy Bianco & Die Abbrunzati Boys
19%
It's A Good Life, Can't Say No, Oh My Love Rea Garvey
15%
Dragula, Feel So Numb, Superbeast Rob Zombie
13%
SNAP, Universe, Never Be Mine Rosa Linn
12%
Getting Along, Fireman & Dancer, Tommy-Gun Royal Republic
11%
Verlorene Kinder, Das weiße Haus, Jeder meiner Fehler Radio Doria
3%
Superheldenanzug, Highscore, Sturmfrei Rockstah
3%
Man About Town, Branded, Rock'N'Roll Outlaw Rose Tattoo
2%
Under Jolly Roger, Ballad Of William Kidd, Bad to the Bone Running Wild
2%
Keine übereinstimmenden Quizze gefunden
Verteilung der Resultate
Anzahl Personen mit jedem Resultat
Perzentil nach korrekt beantworteten Fragen
Ihre Resultats-Entwicklung
Sie haben dieses Quiz noch nicht gespielt